| 000 | 00460cam a22001217a 4500 | ||
|---|---|---|---|
| 008 | 180718b1981 xxu||||| |||| 00| 0 eng d | ||
| 082 | _aJ71x54 In2 C.5 | ||
| 245 |
_aIntegrated development of small and medium towns critical areas and issues for policy options _cedited by R.K. Wishwakarma |
||
| 260 |
_aNew Delhi _bIndian Institute Of Public Administration _c1981 |
||
| 300 | _aii, 72p | ||
| 650 | _aUrban policy -India -Congresses. | ||
| 700 | _aWishwakarma, R.K. | ||
| 999 |
_c410726 _d410726 |
||